| 000 | 01101nam a22003377a 4500 | ||
|---|---|---|---|
| 003 | CHAP | ||
| 005 | 20220817044036.0 | ||
| 008 | 050824d2004 mx ad r 00110 spa d | ||
| 010 | _a90760 | ||
| 011 | _a91732 | ||
| 020 | _a9707750154 | ||
| 035 | _a102295 | ||
| 040 | _cCHAP | ||
| 082 | 0 | 4 |
_a972.014 _bL66 |
| 100 | 0 | 0 |
_aLópez Navarro, Ángel Raúl. _968161 |
| 245 | 1 | 3 |
_aEl peregrinar de los aztecas _c/por Ángel Raúl López Navarro |
| 260 |
_aMéxico, D. F. : _bGrupo editorial Tomo, _c2004 |
||
| 300 |
_a194 p. : _bilus. ; tablas |
||
| 590 |
_aBATCH-UPD _b10 _c20130110 _lUCH01 _h1541 |
||
| 590 |
_aBATCH-UPD _b10 _c20130410 _lUCH01 _h0943 |
||
| 590 |
_aBATCH-UPD _b10 _c20130914 _lUCH01 _h0512 |
||
| 590 |
_aBATCH-UPD _b10 _c20130914 _lUCH01 _h2145 |
||
| 590 |
_aCONVERSION _b10 _c20130109 _lUCH01 _h1350 |
||
| 650 | 1 | 4 |
_aAztecas. _99195 |
| 650 | 1 | 4 | _aIndios de México. |
| 650 | 1 | 4 |
_aMéxico _xHistoria _xEpoca prehispánica. _976759 |
| 901 | _aBK | ||
| 905 | _aMarco A. Mendoza T. | ||
| 942 | _cLIBRO | ||
| 949 |
_a972.014 L66 _bBC _cLIBRO _d33724000976791 _eLIBRO _gI.c/e _h106569 _i102295 _sb _t$99.00 |
||
| 999 |
_c90760 _d90760 |
||